<?xml version="1.0" encoding="UTF-8"?><?xml-stylesheet type="text/xsl" href="static/style.xsl"?><OAI-PMH xmlns="http://www.openarchives.org/OAI/2.0/" xmlns:xsi="http://www.w3.org/2001/XMLSchema-instance" xsi:schemaLocation="http://www.openarchives.org/OAI/2.0/ http://www.openarchives.org/OAI/2.0/OAI-PMH.xsd"><responseDate>2026-04-29T06:15:44Z</responseDate><request verb="GetRecord" identifier="oai:repisalud.isciii.es:20.500.12105/22659" metadataPrefix="marc">https://repisalud.isciii.es/rest/oai/request</request><GetRecord><record><header><identifier>oai:repisalud.isciii.es:20.500.12105/22659</identifier><datestamp>2024-11-29T05:30:56Z</datestamp><setSpec>com_20.500.12105_15322</setSpec><setSpec>com_20.500.12105_2051</setSpec><setSpec>col_20.500.12105_16967</setSpec></header><metadata><record xmlns="http://www.loc.gov/MARC21/slim" xmlns:dcterms="http://purl.org/dc/terms/" xmlns:doc="http://www.lyncode.com/xoai" xmlns:xsi="http://www.w3.org/2001/XMLSchema-instance" xsi:schemaLocation="http://www.loc.gov/MARC21/slim http://www.loc.gov/standards/marcxml/schema/MARC21slim.xsd">
   <leader>00925njm 22002777a 4500</leader>
   <datafield ind2=" " ind1=" " tag="042">
      <subfield code="a">dc</subfield>
   </datafield>
   <datafield ind2=" " ind1=" " tag="720">
      <subfield code="a">Blanco-Mavillard, Ian</subfield>
      <subfield code="e">author</subfield>
   </datafield>
   <datafield ind2=" " ind1=" " tag="720">
      <subfield code="a">Rodriguez-Calero, Miguel Angel</subfield>
      <subfield code="e">author</subfield>
   </datafield>
   <datafield ind2=" " ind1=" " tag="720">
      <subfield code="a">de Pedro-Gómez, Joan Ernest</subfield>
      <subfield code="e">author</subfield>
   </datafield>
   <datafield ind2=" " ind1=" " tag="720">
      <subfield code="a">Parra-Garcia, Gaizka</subfield>
      <subfield code="e">author</subfield>
   </datafield>
   <datafield ind2=" " ind1=" " tag="720">
      <subfield code="a">Fernandez-Fernandez, Ismael</subfield>
      <subfield code="e">author</subfield>
   </datafield>
   <datafield ind2=" " ind1=" " tag="720">
      <subfield code="a">Castro-Sánchez, Enrique</subfield>
      <subfield code="e">author</subfield>
   </datafield>
   <datafield ind2=" " ind1=" " tag="260">
      <subfield code="c">2019-07-22</subfield>
   </datafield>
   <datafield ind2=" " ind1=" " tag="520">
      <subfield code="a">Background: Peripheral intravenous catheters (PIVCs) are the most widely used invasive devices among inpatients. Catheter-related bloodstream infections (CRBSI) are serious yet preventable events for patients. Although the contribution of PIVCs towards these infections is gradually being recognised, its role in the Spanish setting is yet to be determined. We aimed to estimate the rate and incidence of PIVC failure at Manacor hospital (Spain) as baseline within a wider quality improvement initiative. Methods: Tips from all PIVC removed during December 2017 and January 2018 in hospital wards were cultured semiquantitatively. The study population included all PIVCs inserted in adult patients admitted to any of three medical and one surgical wards, emergency department, critical care unit and operating rooms. Clinical, microbiological and ward information was collected by clinical researchers for each PIVC from insertion to removal on the study sites. CRBSI was defined per international guidelines (i.e., Centers for Disease Control and Prevention, USA). Data was analysed descriptively. Results: Seven hundred and eleven tips were cultured, with 41.8% (297/711) reported as PIVC failure. The PIVC failure rate density-adjusted incidence for hospital length of stay (HLOS) was 226.2 PIVC failure/1000 HLOS. 5.8% (41/711) tips yielded positive isolates, with most frequent microorganisms Staphylococcus spp (S. epidermidis 29/41, 70.7%, S. aureus 2/41, 4.9%, S. hominis 2/41, 4.9%), and Acinetobacter baumannii (1/41, 2.4%). One S. aureus isolate was methicillin-resistant. 53.6% (22/41) positive cultures were obtained from patients with local signs and symptoms compatible with catheter-related infection (CRI), 2.4% (1/41) were compatible with CRBSI type 2 and that clinical signs improve within 48h of catheter removal (density-adjusted incidence for hospital stays of 16.7 PIVC-CRI/1000 hospital-stays and 0.76 PVC-BSI/1000 hospital-stays respectively) and no patients were diagnosed CRBSI type 3 with a bacterial growth concordant in tip and blood cultures. Most cases responded favourably to catheter removal and management. Conclusions: Our findings show that almost 42% PIVCs resulted in unplanned removal, amplifying the importance in terms of morbidity, mortality and patient safety. A high number of positive tip cultures without clinical signs and symptoms was observed. We underpin the importance to remove unnecessary PIVCs for the prevention of CRBSI.</subfield>
   </datafield>
   <datafield ind1="8" ind2=" " tag="024">
      <subfield code="a">Blanco-Mavillard I, Rodriguez-Calero MA, De Pedro Gomez JE, Parra-Garcia G, Fernandez-Fernandez I, Castro-Sanchez E. Incidence of peripheral intravenous catheter failure among inpatients: variability between microbiological data and clinical signs and symptoms. Antimicrob Resist Infect Control. 2019 Jul 22;8:124.</subfield>
   </datafield>
   <datafield ind1="8" ind2=" " tag="024">
      <subfield code="a">2047-2994</subfield>
   </datafield>
   <datafield ind1="8" ind2=" " tag="024">
      <subfield code="a">http://hdl.handle.net/20.500.13003/15875</subfield>
   </datafield>
   <datafield ind1="8" ind2=" " tag="024">
      <subfield code="a">https://hdl.handle.net/20.500.12105/22659</subfield>
   </datafield>
   <datafield ind1="8" ind2=" " tag="024">
      <subfield code="a">31367345</subfield>
   </datafield>
   <datafield ind1="8" ind2=" " tag="024">
      <subfield code="a">10.1186/s13756-019-0581-8</subfield>
   </datafield>
   <datafield ind1="8" ind2=" " tag="024">
      <subfield code="a">Antimicrobial Resistance and Infection Control</subfield>
   </datafield>
   <datafield ind1="8" ind2=" " tag="024">
      <subfield code="a">2-s2.0-85069782323</subfield>
   </datafield>
   <datafield ind1="8" ind2=" " tag="024">
      <subfield code="a">476710600003</subfield>
   </datafield>
   <datafield ind1="8" ind2=" " tag="024">
      <subfield code="a">L628653155</subfield>
   </datafield>
   <datafield tag="653" ind2=" " ind1=" ">
      <subfield code="a">Peripheral intravenous catheter</subfield>
   </datafield>
   <datafield tag="653" ind2=" " ind1=" ">
      <subfield code="a">Catheter failure</subfield>
   </datafield>
   <datafield tag="653" ind2=" " ind1=" ">
      <subfield code="a">Adverse events</subfield>
   </datafield>
   <datafield tag="653" ind2=" " ind1=" ">
      <subfield code="a">Catheter-related bloodstream infections</subfield>
   </datafield>
   <datafield tag="653" ind2=" " ind1=" ">
      <subfield code="a">Vascular access device</subfield>
   </datafield>
   <datafield ind2="0" ind1="0" tag="245">
      <subfield code="a">Incidence of peripheral intravenous catheter failure among inpatients: variability between microbiological data and clinical signs and symptoms</subfield>
   </datafield>
</record></metadata></record></GetRecord></OAI-PMH>